[Event "4NCL Division 4 South"]
[Site "Reading, ENG"]
[Date "2018.03.25"]
[Round "8.11"]
[White "Sagues, Vincent"]
[Black "Cooksey, Paul S"]
[Result "1/2-1/2"]
[WhiteElo "1899"]
[BlackElo "2410"]
[PlyCount "120"]
[EventDate "2018.03.25"]

1. e4 c6 2. d4 d5 3. Nc3 dxe4 4. Nxe4 Bf5 5. Ng3 Bg6 6. h4 h6 7. Nf3 Nd7 8. h5
Bh7 9. Bd3 Bxd3 10. Qxd3 e6 11. Bd2 a5 12. O-O-O Bb4 13. Ne4 Ngf6 14. Nxf6+
Nxf6 15. Kb1 Bxd2 16. Qxd2 a4 17. a3 Qa5 18. Qxa5 Rxa5 19. Ne5 O-O 20. f3 Rd8
21. c3 Kf8 22. g4 Ke7 23. Kc2 $11 23... Nd5 24. Rhe1 Rc8 25. Nd3 b6 26. Re4 Ra7
27. Rde1 Kf8 28. Ne5 Nf6 29. R4e2 Ra5 30. Nc4 Ra6 31. Ne5 Ra7 32. Nc4 Nd5 33.
Re4 Rb8 34. Ne5 Rc7 35. Kc1 Nf6 36. R4e2 Ne8 37. Kc2 Nd6 38. Kc1 Ra8 39. Kc2
Ra5 40. Rd1 Nc8 41. Nc4 Ra6 42. Ne5 Ne7 43. Rde1 Ra8 44. Rd1 Rd8 45. Re4 Kg8
46. Nc4 Nd5 47. Ne5 f5 48. Re2 Nf4 49. Red2 Rf8 50. Re1 Rf6 51. Nc4 Nd5 52. Ne5
Nf4 53. Nc4 b5 54. Ne5 Nd5 55. Nd3 f4 56. Kc1 Kf8 57. Rde2 Re7 58. Ne5 Rc7 59.
Ng6+ Kf7 60. Ne5+ Kf8 1/2-1/2

[Event "4NCL Division 4 South"]
[Site "Reading, ENG"]
[Date "2018.03.25"]
[Round "8.12"]
[White "Webb, Richard M"]
[Black "Calvert, D Ian"]
[Result "1/2-1/2"]
[WhiteElo "2233"]
[BlackElo "1904"]
[PlyCount "56"]
[EventDate "2018.03.25"]

1. e4 d5 2. exd5 Qxd5 3. Nc3 Qd6 4. d4 Nf6 5. Nf3 a6 6. g3 Bg4 7. Bg2 Nc6 8.
O-O O-O-O 9. d5 Ne5 10. Bf4 Bxf3 11. Bxf3 Nxf3+ 12. Qxf3 e5 13. dxe6 Qxe6 14.
Rfe1 Qf5 15. Re5 Qh3 16. Re2 Ng4 17. Qg2 Qxg2+ 18. Kxg2 Bd6 19. Bxd6 Rxd6 20.
h3 Nf6 21. Rae1 Rhd8 22. Re7 R8d7 23. Kf3 Rxe7 24. Rxe7 Rd7 25. Rxd7 Kxd7 26.
Ne4 Nxe4 27. Kxe4 Ke6 28. f4 f5+ 1/2-1/2

[Event "4NCL Division 4 South"]
[Site "Reading, ENG"]
[Date "2018.03.25"]
[Round "8.13"]
[White "Ortiz Sanchez, Luis"]
[Black "Coates, Kenneth G"]
[Result "1/2-1/2"]
[WhiteElo "1921"]
[BlackElo "2095"]
[PlyCount "91"]
[EventDate "2018.03.25"]

1. e4 e5 2. Bc4 Nc6 3. Nc3 Nf6 4. d3 Bb4 5. Nge2 d5 6. exd5 Nxd5 7. O-O Be6 8.
Nxd5 Bxd5 9. Bxd5 Qxd5 10. a3 Be7 11. Nc3 Qd7 12. Be3 O-O 13. Qf3 Rad8 14. Rad1
f5 15. Ne2 Kh8 16. Bd2 Bf6 17. Bc3 e4 18. Qh5 g6 19. Bxf6+ Rxf6 20. Qg5 Rd6 21.
Nf4 Qg7 22. Rde1 h6 23. Qg3 g5 24. Nh5 Qg6 25. Qh3 exd3 26. cxd3 Rxd3 27. Ng3
f4 28. Qf5 Kh7 29. Re6 Qxf5 30. Nxf5 R8d5 31. Rxh6+ Kg8 32. Rxc6 bxc6 33. Ne7+
Kf7 34. Nxd5 cxd5 35. h4 c5 36. hxg5 Kg6 37. Rc1 c4 38. Kf1 Kxg5 39. Ke2 Kf5
40. Rc3 Rd4 41. b3 Ke5 42. g3 Re4+ 43. Kd2 fxg3 44. Rxg3 Rf4 45. bxc4 dxc4 46.
Kc3 1/2-1/2

[Event "4NCL Division 4 South"]
[Site "Reading, ENG"]
[Date "2018.03.25"]
[Round "8.14"]
[White "Purdon, Colin"]
[Black "Szymanski, Mark"]
[Result "1/2-1/2"]
[WhiteElo "2058"]
[BlackElo "1890"]
[PlyCount "127"]
[EventDate "2018.03.25"]

1. d4 d5 2. c4 c6 3. Nf3 Nf6 4. Nc3 a6 5. c5 Bg4 6. Ne5 Bf5 7. Qb3 Ra7 8. Bf4
g6 9. h3 Bg7 10. g4 Be6 11. Bg2 O-O 12. O-O Nfd7 13. Nf3 b5 14. a4 Rb7 15. axb5
axb5 16. e3 h6 17. Ra8 g5 18. Bh2 Qc8 19. Ne2 Nf6 20. Ne5 Nfd7 21. Nxd7 Qxd7
22. Ng3 Ra7 23. Rxa7 Qxa7 24. Nh5 Nd7 25. f4 Nf6 26. Nxg7 Kxg7 27. fxg5 hxg5
28. Be5 Qa4 29. Qd3 Qc4 30. Qd2 Kg6 31. Bxf6 exf6 32. Qf2 Rg8 33. Qxf6+ Kh7 34.
Qe5 Qd3 35. e4 Qe3+ 36. Kh1 Ra8 37. exd5 Qxe5 38. dxe5 cxd5 39. Rd1 Ra2 40. b4
Rb2 41. Bxd5 Bxd5+ 42. Rxd5 Rxb4 43. Rd7 Kg6 44. Rd6+ Kg7 45. Rb6 Re4 46. c6
Rxe5 47. c7 Rc5 48. Rxb5 Rxc7 49. Rxg5+ Kh6 50. Rf5 Kg6 51. Kg2 Rc3 52. h4 Ra3
53. Rf3 Ra5 54. Kg3 Rb5 55. Rd3 Ra5 56. Rd6+ Kg7 57. h5 Rb5 58. Kh4 Ra5 59. h6+
Kg8 60. Rf6 Rb5 61. Rf5 Rxf5 62. gxf5 f6 63. Kg4 Kh8 64. Kh4 1/2-1/2

[Event "4NCL Division 4 South"]
[Site "Reading, ENG"]
[Date "2018.03.25"]
[Round "8.15"]
[White "Gibbs, Dominic V"]
[Black "Tart, Peter K"]
[Result "1-0"]
[WhiteElo "1869"]
[BlackElo "1946"]
[PlyCount "103"]
[EventDate "2018.03.25"]

1. c4 f5 2. d4 Nf6 3. Nc3 e6 4. Bg5 Be7 5. f3 O-O 6. e3 d6 7. Bd3 e5 8. dxe5
dxe5 9. Qc2 e4 10. fxe4 Ng4 11. Bxe7 Qxe7 12. Nd5 Qd8 13. O-O-O c6 14. h3 Nf2
15. Qxf2 fxe4 16. Qg3 exd3 17. Nf4 Qa5 18. Kb1 Bf5 19. Nf3 Na6 20. Nd4 Nb4 21.
a3 d2+ 22. Nxf5 Qxf5+ 23. Ka1 Nc2+ 24. Ka2 Rad8 25. Rhf1 Qe4 26. Nh5 Qg6 27.
Rxf8+ Kxf8 28. Qf2+ Qf7 29. Rxd2 Rxd2 30. Qxd2 Nxe3 31. Qxe3 Qxh5 32. Qxa7 Qg6
33. Qb8+ Kf7 34. Qxb7+ Kf8 35. Qc8+ Ke7 36. Qc7+ Ke8 37. Qe5+ Kd8 38. g4 Qd3
39. Qf4 g6 40. h4 Kc8 41. g5 Qc2 42. Qf7 Qe4 43. c5 Kb8 44. Qg8+ Kb7 45. Qxh7+
Ka6 46. Qf7 Qxh4 47. Qb3 Ka7 48. Qb6+ Ka8 49. Qxc6+ Ka7 50. Qb6+ Ka8 51. Qa5+
Kb7 52. Qb4+ 1-0

[Event "4NCL Division 4 South"]
[Site "Reading, ENG"]
[Date "2018.03.25"]
[Round "8.16"]
[White "Gnanagurusamy, Ganeshbabu"]
[Black "Collins, Jonathan"]
[Result "1/2-1/2"]
[WhiteElo "1897"]
[BlackElo "1812"]
[PlyCount "90"]
[EventDate "2018.03.25"]

1. Nf3 Nf6 2. d4 c5 3. e3 g6 4. c4 Bg7 5. Nc3 O-O 6. Be2 Na6 7. d5 d6 8. O-O
Ng4 9. h3 Ne5 10. e4 Nxf3+ 11. Bxf3 Bd7 12. Qe2 Nc7 13. Bg4 a6 14. a4 Rb8 15.
a5 Kh8 16. Bxd7 Qxd7 17. Bf4 g5 18. Bg3 f6 19. f4 gxf4 20. Bxf4 b5 21. axb6
Rxb6 22. Ra2 Rfb8 23. Bc1 Rf8 24. Bf4 Rb4 25. Nd1 f5 26. e5 Rb3 27. Nc3 Rfb8
28. e6 Qe8 29. Qc2 Bd4+ 30. Kh2 Qg6 31. Rf3 Nxe6 32. dxe6 Qxe6 33. Ne2 Rxb2 34.
Rxb2 Bxb2 35. Ng3 Qd7 36. Rb3 Rxb3 37. Qxb3 Bd4 38. Qb8+ Kg7 39. Qa8 Kf7 40.
Qxa6 e5 41. Bg5 Kg6 42. Bd2 Qe6 43. Qc6 e4 44. Ne2 Be5+ 45. Bf4 Kf6 1/2-1/2

[Event "4NCL Division 4 South"]
[Site "Reading, ENG"]
[Date "2018.03.25"]
[Round "8.21"]
[White "Hayward, Philip"]
[Black "Mitra, Roman C"]
[Result "1-0"]
[WhiteElo "1879"]
[BlackElo "2090"]
[PlyCount "84"]
[EventDate "2018.03.25"]

1. c4 Nf6 2. g3 e6 3. Bg2 d5 4. Nf3 Be7 5. O-O O-O 6. b3 c6 7. Bb2 b5 8. Qc2
Bb7 9. d3 Nbd7 10. Nbd2 a5 11. a3 a4 12. b4 bxc4 13. dxc4 Qb8 14. Rad1 Rd8 15.
c5 e5 16. e4 dxe4 17. Nxe4 Nd5 18. Rfe1 f6 19. Nfd2 f5 20. Nd6 Bxd6 21. cxd6 e4
22. Nc4 N7f6 23. Bh3 Bc8 24. Be5 Bd7 25. Qd2 Re8 26. Bd4 Be6 27. Rc1 e3 28.
fxe3 Ne4 29. Qb2 Ndf6 30. Bf1 Rf8 31. Red1 Bxc4 32. Bxc4+ Kh8 33. Be6 Nxd6 34.
Be5 Nfe8 35. Rxd6 Qa7 36. Bd4 Qe7 37. Rdxc6 Rd8 38. Bc4 Qe4 39. Bf1 f4 40. Qe2
Qf5 41. Qg2 Qg4 42. gxf4 Qd7 1-0

[Event "4NCL Division 4 South"]
[Site "Reading, ENG"]
[Date "2018.03.25"]
[Round "8.22"]
[White "Wilks, Simon"]
[Black "Foster, Timothy"]
[Result "1-0"]
[WhiteElo "2004"]
[BlackElo "1865"]
[PlyCount "93"]
[EventDate "2018.03.25"]

1. e4 c5 2. Nf3 d6 3. Bb5+ Bd7 4. Bxd7+ Qxd7 5. c4 Nf6 6. Nc3 g6 7. d4 cxd4 8.
Nxd4 Bg7 9. h3 O-O 10. O-O Rc8 11. b3 b5 12. e5 dxe5 13. Ndxb5 a6 14. Na3 Nc6
15. Qxd7 Nxd7 16. Nc2 e4 17. Bb2 Nc5 18. Rad1 Nd3 19. Ba1 f5 20. f3 Nf4 21.
fxe4 Bxc3 22. Rxf4 e5 23. Rff1 Bxa1 24. Nxa1 Nd4 25. exf5 gxf5 26. Rfe1 Re8 27.
Rd2 Rad8 28. Red1 Ne2+ 29. Kf2 Rxd2 30. Rxd2 Nc3 31. Rc2 Ne4+ 32. Ke3 Kg7 33.
g4 Ng3 34. gxf5 Nxf5+ 35. Ke4 Ng3+ 36. Kf3 Nf5 37. Kf2 e4 38. Rc1 e3+ 39. Ke2
Kg6 40. Nc2 Kg5 41. Rg1+ Kh4 42. Kf3 e2 43. Kf2 Kxh3 44. Rh1+ Kg4 45. Rxh7 Nd4
46. Ne1 Kf4 47. Rh4+ 1-0

[Event "4NCL Division 4 South"]
[Site "Reading, ENG"]
[Date "2018.03.25"]
[Round "8.23"]
[White "Terry, Sean"]
[Black "Penna, Tommaso"]
[Result "1-0"]
[WhiteElo "1913"]
[BlackElo "1986"]
[PlyCount "105"]
[EventDate "2018.03.25"]

1. e4 e5 2. Nf3 Nc6 3. Bb5 a6 4. Ba4 Nf6 5. O-O Be7 6. Re1 b5 7. Bb3 d6 8. c3
O-O 9. d3 Na5 10. Bc2 c5 11. Nbd2 Nc6 12. Nf1 Re8 13. Ng3 Bf8 14. h3 h6 15. d4
Bd7 16. Be3 Qc7 17. Qd2 a5 18. d5 Ne7 19. Nh4 a4 20. Rf1 Nh7 21. Nhf5 Nxf5 22.
exf5 Nf6 23. Ne4 Nxe4 24. Bxe4 Qd8 25. Kh2 Qh4 26. f3 Rec8 27. f4 Re8 28. Rae1
Be7 29. g3 Qf6 30. fxe5 dxe5 31. d6 Bxd6 32. Bxa8 Rxa8 33. Rd1 Ra6 34. Bxc5
Bxc5 35. Qxd7 Qc6 36. Qxc6 Rxc6 37. Rfe1 b4 38. Rxe5 bxc3 39. bxc3 Bd6 40. Red5
Bc7 41. Rc1 f6 42. Kg2 a3 43. c4 Be5 44. Rc2 Bb2 45. Kf3 Rc7 46. c5 Kf7 47. c6
Ke8 48. Rb5 Ke7 49. Rb7 Kd6 50. Rxc7 Kxc7 51. Ke4 Be5 52. g4 Kd6 53. c7 1-0

[Event "4NCL Division 4 South"]
[Site "Reading, ENG"]
[Date "2018.03.25"]
[Round "8.24"]
[White "Jones, Tibor"]
[Black "Cole, Graham"]
[Result "1-0"]
[WhiteElo "1876"]
[BlackElo "1855"]
[PlyCount "55"]
[EventDate "2018.03.25"]

1. d4 Nf6 2. c4 g6 3. Nc3 Bg7 4. e4 d6 5. f3 O-O 6. Be3 c5 7. Nge2 Nc6 8. d5
Ne5 9. Ng3 h5 10. Be2 a6 11. O-O Qa5 12. f4 Neg4 13. Bd2 h4 14. Nh1 Qc7 15. h3
Nh6 16. Qe1 Nh7 17. Qxh4 f5 18. g4 Nf7 19. exf5 gxf5 20. Bd3 e5 21. dxe6 Bxe6
22. gxf5 Bd7 23. Nd5 Qd8 24. f6 Bh6 25. Ne7+ Kh8 26. Ng6+ Kg8 27. Nxf8 Kxf8 28.
Bxh7 1-0

[Event "4NCL Division 4 South"]
[Site "Reading, ENG"]
[Date "2018.03.25"]
[Round "8.25"]
[White "Shepherd, Tom"]
[Black "Keetley, Peter"]
[Result "1-0"]
[WhiteElo "1847"]
[BlackElo "1682"]
[PlyCount "63"]
[EventDate "2018.03.25"]

1. d4 d5 2. c4 c6 3. Nf3 e6 4. e3 Nf6 5. Nc3 Bd6 6. Qc2 Nbd7 7. b3 h6 8. Bb2
O-O 9. Bd3 Re8 10. O-O e5 11. cxd5 Nxd5 12. Nxd5 cxd5 13. dxe5 Nxe5 14. Bxe5
Bxe5 15. Nxe5 Rxe5 16. Rfd1 Rg5 17. Be2 Bh3 18. g3 Qe7 19. Rd4 Re5 20. Qd2 Rd8
21. Rd1 Rd7 22. Bf3 Be6 23. b4 h5 24. a4 Rf5 25. Bg2 h4 26. Rxh4 Rc7 27. e4 g5
28. exf5 Bxf5 29. Rh5 f6 30. Qxd5+ Be6 31. Qxe6+ Qxe6 32. Bd5 1-0

[Event "4NCL Division 4 South"]
[Site "Reading, ENG"]
[Date "2018.03.25"]
[Round "8.26"]
[White "Napolitano, Domenico"]
[Black "Staples, Neil"]
[Result "0-1"]
[WhiteElo "1464"]
[BlackElo "1861"]
[PlyCount "103"]
[EventDate "2018.03.25"]

1. e4 d5 2. exd5 Qxd5 3. Nc3 Qd8 4. d4 Nf6 5. Nf3 c6 6. Bd3 Bg4 7. h3 Bxf3 8.
Qxf3 Qxd4 9. Be3 Qb4 10. O-O-O e6 11. Bd2 Qb6 12. Bg5 Nbd7 13. Rhe1 Be7 14. h4
O-O-O 15. Be3 Bc5 16. Na4 Bxe3+ 17. Rxe3 Qb4 18. Ba6 Qxa4 19. Ra3 Qe4 20. Bxb7+
Kxb7 21. Qc3 Qf4+ 22. Kb1 Nb6 23. Rc1 Qd2 24. Qc5 Qd5 25. Qb4 Ne4 26. Rd3 a5
27. Qe7+ Rd7 28. Qa3 Qc5 29. Rxd7+ Nxd7 30. Qd3 Qd5 31. Qe3 Nd2+ 32. Ka1 Nc4
33. Qb3+ Ncb6 34. c4 Nc5 35. Qg3 Qd2 36. Rb1 Rd8 37. Qxg7 Rd7 38. Qxh7 Nxc4 39.
h5 Qd3 40. Qxd3 Nxd3 41. Rd1 Ncxb2 42. Rd2 f6 43. g4 Kc7 44. f4 Nc4 45. Rc2 Ne3
46. Re2 Nxg4 47. Rxe6 Rh7 48. Re4 f5 49. Rd4 Nb4 50. Rc4 Rxh5 51. Rc5 Rh1+ 52.
Kb2 0-1

[Event "4NCL Division 4 South"]
[Site "Reading, ENG"]
[Date "2018.03.25"]
[Round "8.31"]
[White "Scott, David A"]
[Black "Fowler, David"]
[Result "1-0"]
[WhiteElo "2115"]
[BlackElo "1925"]
[PlyCount "169"]
[EventDate "2018.03.25"]

1. d4 Nf6 2. c4 e6 3. Nc3 d5 4. cxd5 exd5 5. Bg5 Be7 6. Qc2 c6 7. e3 h6 8. Bh4
Nbd7 9. Bd3 O-O 10. Nge2 Re8 11. O-O Nf8 12. f3 Be6 13. e4 c5 14. Bb5 cxd4 15.
Bxe8 dxc3 16. Ba4 dxe4 17. fxe4 Qb6+ 18. Bf2 Qxb2 19. Nxc3 Qxc2 20. Bxc2 Rc8
21. Bd4 Bc5 22. Bxc5 Rxc5 23. Rf3 Ng6 24. Bb3 Ne5 25. Re3 Neg4 26. Rd3 Ne5 27.
Rd8+ Kh7 28. Na4 Ra5 29. Re1 Bxb3 30. axb3 Rb5 31. Re3 Neg4 32. Rg3 Rb4 33. h3
Ne5 34. Re3 Nxe4 35. Nc3 Nxc3 36. Rxc3 Nc6 37. Rd7 Ne5 38. Re7 Rb5 39. Rcc7 Kg6
40. Rxb7 Rd5 41. Rxa7 Kf6 42. Reb7 Kg5 43. Ra2 Kf4 44. Kh2 h5 45. b4 g5 46. b5
g4 47. Ra4+ Kg5 48. Ra1 Rd2 49. hxg4 Nxg4+ 50. Kh1 Rb2 51. Rxf7 Rxb5 52. Rfa7
Kh4 53. R7a3 Rf5 54. Kg1 Re5 55. Kf1 Rf5+ 56. Ke1 Re5+ 57. Kd2 Rd5+ 58. Ke2 Rb5
59. Kf3 Rf5+ 60. Ke4 Rb5 61. Kd4 Rb4+ 62. Kc5 Re4 63. Rh1+ Kg5 64. Rd1 Nf6 65.
Rf3 Re5+ 66. Kc6 Re6+ 67. Rd6 Rxd6+ 68. Kxd6 h4 69. Ke6 Ne4 70. Ke5 Ng3 71. Rf8
Ne2 72. Rg8+ Kh5 73. Kf6 Ng3 74. Rg5+ Kh6 75. Rg6+ Kh5 76. Rg5+ Kh6 77. Rg4 Kh5
78. Rg8 Ne4+ 79. Kf5 Ng3+ 80. Kf4 Ne2+ 81. Kf3 Ng3 82. Ra8 Nf5 83. Ra5 Kg6 84.
Kf4 Nh6 85. Rg5+ 1-0

[Event "4NCL Division 4 South"]
[Site "Reading, ENG"]
[Date "2018.03.25"]
[Round "8.32"]
[White "Stayt, James N"]
[Black "Singleton, Michael P F"]
[Result "0-1"]
[WhiteElo "1949"]
[BlackElo "2061"]
[PlyCount "100"]
[EventDate "2018.03.25"]

1. e4 c5 2. c3 d5 3. exd5 Qxd5 4. d4 cxd4 5. cxd4 Nc6 6. Nf3 e5 7. Nc3 Bb4 8.
Bd2 Bxc3 9. Bxc3 e4 10. Ne5 Nxe5 11. dxe5 Ne7 12. Be2 O-O 13. O-O Bd7 14. Re1
Bc6 15. Qxd5 Nxd5 16. Bd4 Rfd8 17. Red1 Nf4 18. Kf1 Rd7 19. g3 Nd3 20. Bc3 Re8
21. Bxd3 exd3 22. f4 Bf3 23. Rd2 Be2+ 24. Kf2 Rc8 25. Re1 Rdc7 26. Ke3 $11
26... Rc6 27. a3 f6 28. exf6 gxf6 29. Kf2 R8c7 30. Rg1 h5 31. Re1 Kf7 32. Ke3
Rc4 33. Kf2 Kg6 34. Rg1 Kf5 35. Re1 h4 36. Rg1 hxg3+ 37. hxg3 Rh7 38. Rg2 Rh1
39. Rg1 Rxg1 40. Kxg1 Rc6 41. Kf2 Ke4 42. Rxe2+ dxe2 43. Kxe2 f5 44. Kf2 b5 45.
Ke2 Rh6 46. Be1 Rh2+ 47. Bf2 a5 48. b3 Rg2 49. Kf1 Kf3 50. Be1 Ra2 0-1

[Event "4NCL Division 4 South"]
[Site "Reading, ENG"]
[Date "2018.03.25"]
[Round "8.33"]
[White "Seymour, Timothy P"]
[Black "Mashayekh, Majid"]
[Result "1/2-1/2"]
[WhiteElo "2042"]
[BlackElo "1893"]
[PlyCount "54"]
[EventDate "2018.03.25"]

1. d4 Nf6 2. Nf3 e6 3. e3 d5 4. c4 c6 5. Nc3 Nbd7 6. Bd2 Be7 7. Bd3 dxc4 8.
Bxc4 b5 9. Bd3 Bb7 10. Rc1 Rc8 11. O-O a6 12. a4 O-O 13. Qe2 Re8 14. Rfd1 b4
15. Ne4 Nxe4 16. Bxe4 Nf6 17. Bd3 Qa5 18. Ne5 c5 19. Nc4 Qxa4 20. Qf1 Rcd8 21.
Ra1 Qd7 22. Na5 cxd4 23. Nxb7 Qxb7 24. Bxa6 Qb6 25. Bb5 Rf8 26. Ra6 Qc5 27. Rc1
Qe5 1/2-1/2

[Event "4NCL Division 4 South"]
[Site "Reading, ENG"]
[Date "2018.03.25"]
[Round "8.34"]
[White "Vachtfeidl, Petr"]
[Black "Alcock, Graham P"]
[Result "1/2-1/2"]
[WhiteElo "1893"]
[BlackElo "1769"]
[PlyCount "48"]
[EventDate "2018.03.25"]

1. d4 Nf6 2. c4 c5 3. d5 b5 4. cxb5 a6 5. f3 axb5 6. e4 Qb6 7. Be3 d6 8. Na3
Ba6 9. Qb3 Qa5+ 10. Bd2 b4 11. Bxa6 Qxa6 12. Nc4 Nbd7 13. Ne2 g6 14. O-O Bg7
15. a3 bxa3 16. Rxa3 Qc8 17. Rxa8 Qxa8 18. Qa3 O-O 19. Ra1 Qxa3 20. Rxa3 Rb8
21. Bc3 Ne8 22. Ra7 Bxc3 23. bxc3 Nef6 24. Kf2 Kf8 1/2-1/2

[Event "4NCL Division 4 South"]
[Site "Reading, ENG"]
[Date "2018.03.25"]
[Round "8.35"]
[White "Durrant, Paul Eo"]
[Black "Towers, Nigel S"]
[Result "0-1"]
[WhiteElo "1825"]
[BlackElo "1822"]
[PlyCount "52"]
[EventDate "2018.03.25"]

1. d4 Nf6 2. Nf3 e6 3. Nc3 d5 4. Bf4 Bd6 5. e3 O-O 6. Bd3 Bxf4 7. exf4 Nbd7 8.
O-O c5 9. Re1 cxd4 10. Nxd4 Nc5 11. Qf3 Nxd3 12. cxd3 Bd7 13. Re5 Qb6 14. Nb3
Bc6 15. d4 Rac8 16. Qh3 a5 17. Rg5 a4 18. Nc5 Qxb2 19. Rb1 Qd2 20. Qg3 g6 21.
Nxe6 fxe6 22. Rxg6+ hxg6 23. Qxg6+ Kh8 24. Nxa4 Bxa4 25. Qh6+ Nh7 26. g3 Rc1+
0-1

[Event "4NCL Division 4 South"]
[Site "Reading, ENG"]
[Date "2018.03.25"]
[Round "8.36"]
[White "Lees, Fraser A"]
[Black "Tasbasi, Genc"]
[Result "1-0"]
[WhiteElo "1885"]
[BlackElo "1750"]
[PlyCount "81"]
[EventDate "2018.03.25"]

1. d4 d5 2. c4 c6 3. Nf3 Nf6 4. Nc3 e6 5. Bg5 Be7 6. e3 O-O 7. Bd3 dxc4 8. Bxc4
Nbd7 9. Bd3 c5 10. O-O cxd4 11. exd4 Nb6 12. Qe2 Nfd5 13. Bd2 Bd7 14. Rac1 Rc8
15. Nxd5 Nxd5 16. Rxc8 Qxc8 17. Ne5 f6 18. Qh5 f5 19. Rc1 Qe8 20. Qe2 Bf6 21.
Bc4 Bxe5 22. Qxe5 Qb8 23. Bxd5 23... Qxe5 $11 24. dxe5 exd5 25. Be3 a6 26. Rc7
Bc6 27. f4 Rf7 28. Rxf7 Kxf7 29. Kf2 Ke6 30. h3 g6 31. Bd4 Bb5 32. g3 Bd3 33.
Ke3 Bf1 34. h4 h5 35. Bb6 Kd7 36. Kd4 Kc6 37. Bc5 Bg2 38. e6 Kc7 39. Ke5 Kc6
40. Kf6 Kxc5 41. e7 1-0

[Event "4NCL Division 4 South"]
[Site "Reading, ENG"]
[Date "2018.03.25"]
[Round "8.41"]
[White "Smith, Olivia"]
[Black "Norman, Kenneth I"]
[Result "1/2-1/2"]
[WhiteElo "2080"]
[BlackElo "2118"]
[PlyCount "57"]
[EventDate "2018.03.25"]

1. e4 e5 2. Nf3 Nc6 3. Nc3 g6 4. d4 exd4 5. Nxd4 Bg7 6. Be3 d6 7. Bc4 Nf6 8.
Nxc6 bxc6 9. O-O O-O 10. Bb3 Re8 11. Qd3 a5 12. Rfe1 Ba6 13. Bc4 Bxc4 14. Qxc4
Rb8 15. Qxc6 Rxb2 16. Nd5 Nxd5 17. exd5 Rb4 18. Bd2 Rbe4 19. Rxe4 Rxe4 20. Re1
Rxe1+ 21. Bxe1 Bd4 22. Bxa5 Qf6 23. Qe8+ Kg7 24. Qe1 Qf5 25. c4 Qc2 26. Bxc7
Qxc4 27. Bxd6 Qxd5 28. Bg3 Qxa2 29. Be5+ 1/2-1/2

[Event "4NCL Division 4 South"]
[Site "Reading, ENG"]
[Date "2018.03.25"]
[Round "8.42"]
[White "Crombleholme, Alan K"]
[Black "Choo Yin, Benjamin"]
[Result "1-0"]
[WhiteElo "1991"]
[BlackElo "1738"]
[PlyCount "81"]
[EventDate "2018.03.25"]

1. Nf3 Nf6 2. c4 c5 3. Nc3 Nc6 4. g3 g6 5. Bg2 Bg7 6. O-O d5 7. cxd5 Nxd5 8.
Nxd5 Qxd5 9. d3 O-O 10. a3 h6 11. Rb1 Rd8 12. Be3 Qd6 13. Qc1 c4 14. Qxc4 Be6
15. Qc5 Qxc5 16. Bxc5 Rac8 17. b4 b6 18. Be3 Bg4 19. Rfc1 Bxf3 20. Bxf3 Nd4 21.
Bxd4 Bxd4 22. Rc6 Rxc6 23. Bxc6 Kg7 24. e3 Bf6 25. d4 e6 26. Kf1 Be7 27. a4 Rc8
28. b5 Rc7 29. Ke2 f5 30. Kd3 Bd6 31. Kc4 Kf6 32. Ra1 a5 33. f3 e5 34. Kd5 Bb4
35. dxe5+ Ke7 36. e4 fxe4 37. Kxe4 Rc8 38. Rd1 Rf8 39. Rd7+ Ke6 40. Rg7 Rd8 41.
Rxg6+ 1-0

[Event "4NCL Division 4 South"]
[Site "Reading, ENG"]
[Date "2018.03.25"]
[Round "8.43"]
[White "Sivarajasingam, Shayanna"]
[Black "Reynolds, D Ian W"]
[Result "1-0"]
[WhiteElo "1729"]
[BlackElo "1999"]
[PlyCount "91"]
[EventDate "2018.03.25"]

1. e4 e5 2. Nf3 Nc6 3. Nc3 Nf6 4. d4 exd4 5. Nxd4 Bb4 6. Nxc6 bxc6 7. Bd3 d5 8.
exd5 cxd5 9. Qe2+ Qe7 10. Qxe7+ Bxe7 11. Nb5 Kd8 12. Bf4 Ne8 13. O-O-O Bb7 14.
c4 a6 15. Nd4 c5 16. Nf5 d4 17. Nxe7 Kxe7 18. Rhe1+ Kd8 19. Re5 Rc8 20. Bf5 f6
21. Bxc8 fxe5 22. Bxb7 exf4 23. Bxa6 Kc7 24. Re1 Nd6 25. Re7+ Kb6 26. Re6 Rd8
27. Bb5 Ka5 28. Re5 Rc8 29. a3 Nxb5 30. cxb5 c4 31. Kc2 Rd8 32. Rc5 d3+ 33. Kd2
Rd4 34. Re5 Ka4 35. b6 Rd6 36. Rc5 Rxb6 37. Rxc4+ Ka5 38. b4+ Ka4 39. Rxf4 Kxa3
40. Kxd3 Kb3 41. Rd4 Ka4 42. Ke3 Kb5 43. f4 Re6+ 44. Kf3 Re1 45. Rd7 Rf1+ 46.
Kg3 1-0

[Event "4NCL Division 4 South"]
[Site "Reading, ENG"]
[Date "2018.03.25"]
[Round "8.44"]
[White "Peters, Alexander John"]
[Black "Sivarajasingam, Venetia"]
[Result "1-0"]
[WhiteElo "1993"]
[BlackElo "1764"]
[PlyCount "83"]
[EventDate "2018.03.25"]

1. b3 d5 2. Bb2 Nf6 3. e3 Bf5 4. Nf3 e6 5. a3 Be7 6. Be2 O-O 7. Nh4 Bg6 8. Nxg6
fxg6 9. O-O c5 10. d4 Nc6 11. Nd2 Qc7 12. Nf3 Rf7 13. Ng5 Bd6 14. Nxf7 Qxf7 15.
dxc5 Bxc5 16. b4 Bb6 17. b5 Ne7 18. Bd4 Bc7 19. c4 Rd8 20. Bxf6 Qxf6 21. c5 Qe5
22. g3 Nf5 23. Qd3 h5 24. Bf3 Rf8 25. Bg2 h4 26. Rae1 hxg3 27. hxg3 Ne7 28. Qd4
Qf5 29. e4 dxe4 30. Qxe4 Qxe4 31. Rxe4 Rf6 32. Rd1 Nf5 33. Rd7 Rf7 34. Rxf7
Kxf7 35. Ra4 Bb8 36. Bxb7 Ke8 37. b6 a6 38. Rxa6 Kd7 39. c6+ Kd6 40. Ra8 Bc7
41. bxc7 Kxc7 42. Rc8+ 1-0

[Event "4NCL Division 4 South"]
[Site "Reading, ENG"]
[Date "2018.03.25"]
[Round "8.45"]
[White "Fraser, Susanna"]
[Black "Ruthen, Stephen W"]
[Result "0-1"]
[WhiteElo "1486"]
[BlackElo "1991"]
[PlyCount "128"]
[EventDate "2018.03.25"]

1. d4 Nf6 2. c4 g6 3. Nf3 Bg7 4. g3 d6 5. Bg2 O-O 6. O-O Nc6 7. Nc3 e5 8. e4
Bg4 9. Bg5 Nxd4 10. Nd5 h6 11. Nxf6+ Bxf6 12. Bxh6 Re8 13. Be3 Qd7 14. Bxd4
exd4 15. Qd3 c5 16. Rfe1 Rab8 17. Rac1 b5 18. b3 bxc4 19. Qxc4 Bg7 20. Nh4 Bh6
21. Rc2 d5 22. Qd3 g5 23. Nf3 dxe4 24. Rxe4 Rxe4 25. Qxe4 Bf5 26. Ne5 Bxe4 27.
Nxd7 Bxc2 28. Nxb8 Bb1 29. a3 Bc2 30. Nd7 Bf8 31. Nf6+ Kg7 32. Ne4 Bxb3 33. Nd2
Be6 34. Bf1 Bf5 35. f3 Be6 36. Kf2 f5 37. Ke1 Kf6 38. Kd1 Bd5 39. Kc2 Bd6 40.
Kd3 Bc7 41. Be2 Ba5 42. Nc4 Be1 43. Nd6 Ke6 44. Nb5 Ke5 45. Nxa7 c4+ 46. Kc2
d3+ 47. Bxd3 cxd3+ 48. Kxd3 Bxf3 49. Ke3 Bb7 50. Ke2 Ba5 51. Nb5 f4 52. gxf4+
gxf4 53. a4 f3+ 54. Kf2 Bb6+ 55. Kf1 Kf4 56. Nd6 Ba6+ 57. Nb5 Kg4 58. Ke1 Kh3
59. Kf1 Kxh2 60. Ke1 Kg2 61. Nc3 f2+ 62. Kd2 f1=Q 63. Nd1 Qd3+ 64. Kc1 Bc5 0-1

[Event "4NCL Division 4 South"]
[Site "Reading, ENG"]
[Date "2018.03.25"]
[Round "8.46"]
[White "Feavyour, John A"]
[Black "Jaberansari, Daniel"]
[Result "1-0"]
[WhiteElo "1987"]
[BlackElo "1458"]
[PlyCount "115"]
[EventDate "2018.03.25"]

1. d4 Nf6 2. c4 g6 3. Nc3 Bg7 4. Nf3 d6 5. g3 O-O 6. Bg2 Nbd7 7. O-O e5 8. d5
a5 9. e4 Nc5 10. Re1 Nh5 11. Be3 b6 12. h3 Bd7 13. Qd2 Qc8 14. Kh2 a4 15. Rad1
Qa6 16. Bf1 Nf6 17. Bg5 Qc8 18. Nh4 Nh5 19. Rb1 Ra7 20. Bh6 Ra8 21. Bxg7 Nxg7
22. b4 axb3 23. axb3 f5 24. b4 Nb7 25. Ra1 fxe4 26. Nxe4 Nf5 27. Qg5 Kg7 28. g4
Nd4 29. Bg2 Rxa1 30. Rxa1 Nc2 31. Rb1 Qa8 32. Qd2 Nd4 33. Ng5 Qc8 34. Nhf3
Nxf3+ 35. Nxf3 Qd8 36. Ra1 b5 37. Qe2 c6 38. Nxe5 cxd5 39. Nxd7 Qxd7 40. Bxd5
Nd8 41. Qb2+ Kh6 42. Qd2+ Kg7 43. Qd4+ Kh6 44. Qe3+ g5 45. Ra7 Qe8 46. Re7
Rxf2+ 47. Kg3 Qf8 48. h4 Qf4+ 49. Qxf4 Rxf4 50. hxg5+ Kxg5 51. Rg7+ Kf6 52.
Kxf4 Kxg7 53. cxb5 Kf6 54. b6 Kg6 55. b7 Nxb7 56. Bxb7 Kf6 57. Bd5 Ke7 58. b5
1-0